[Event "45th FIDE Chess Olympiad Open"]
[Site "Budapest, Hungary"]
[Date "2024.09.11"]
[Round "1.84"]
[White "Banh Gia Huy"]
[Black "Schadler, Martin"]
[Result "1-0"]
[WhiteElo "2425"]
[BlackElo "1891"]
[PlyCount "45"]
[EventDate "2024.??.??"]
[WhiteTeam "Vietnam"]
[BlackTeam "Liechtenstein"]
[WhiteTeamCountry "VIE"]
[BlackTeamCountry "LIE"]
[WhiteClock "0:54:39"]
[BlackClock "0:05:41"]

1. c4 Nf6 2. g3 g6 3. Bg2 d6 4. d4 Bg7 5. Nf3 O-O 6. Nc3 Nbd7 7. O-O c6 8. e4 e5 9. h3 Qc7 10. Re1 a6 11. Be3 Rb8 ({RR} 11... b5 12. c5 dxc5 13. dxe5 Nxe5 14. Nxe5 Qxe5 15. f4 Qc7 16. Bxc5 Rd8 17. Qf3 Be6 18. e5 Nd5 19. Ne4 h5 20. Rac1 Bf8 21. Bxf8 Rxf8 22. a3 a5 23. Qf2 Kg7 24. Ng5 Qd7 25. Red1 Rfd8 26. Qc5 {Kazakouski,V (2564)-Skliarov,V (2366) chess.com INT 2023 1-0}) ({RR} 11... b5 12. c5 dxc5 13. dxe5 Nxe5 14. Bxc5 Rd8 15. Qc2 Nd3 16. e5 Nxc5 17. exf6 Bxf6 18. g4 Be6 19. Rad1 Rxd1 20. Rxd1 Rd8 21. Rxd8+ Bxd8 22. Nd4 Bd7 23. b4 Ne6 24. Nce2 Nxd4 25. Nxd4 Qf4 26. Nxc6 {Orzech,D (2248)-Rustamov,R (2285) chess.com INT 2024 0-1 (35)}) 12. c5 $146 ({RR} 12. Rc1 b6 13. Qd2 Re8 14. d5 c5 15. Nh2 b5 16. cxb5 axb5 17. b3 Qa5 18. Nb1 Qa6 19. f3 b4 20. Bf1 Qa7 21. Rc4 Nh5 22. g4 Ng3 23. Bd3 f5 24. Bf2 f4 25. Rxb4 Rxb4 26. Qxb4 Qxa2 {Gorev,V-Malyshev,A (1955) Kineshma 2010 0-1 (45)}) ({RR} 12. a4 b6 13. Rc1 Bb7 14. d5 Nc5 15. Nh2 a5 16. f4 Nh5 17. Bf3 Nxg3 18. Kg2 Nh5 19. Bxh5 gxh5 20. f5 Qe7 21. Rg1 cxd5 22. cxd5 Kh8 23. Qxh5 Nd3 24. Rcf1 f6 25. Kh1 Ba6 26. Rf3 Nc5 {Junker,A (1816)-Waeltermann,T (1733) Germany 2012 ½-½ (31)}) 12... dxc5 13. dxe5 Ne8 14. e6 fxe6 15. Ng5 Ne5 16. Bxc5 Bf6 17. Bxf8 Bxg5 18. Bc5 Be7 19. Bxe7 Qxe7 20. Qd4 Qf6 21. Rad1 Nf3+ 22. Bxf3 Qxf3 23. Qe5 1-0

[Event "45th FIDE Chess Olympiad Open"]
[Site "Budapest, Hungary"]
[Date "2024.09.11"]
[Round "1.85"]
[White "Yilmaz, Mustafa"]
[Black "Almedina Ortiz, Edgardo J."]
[Result "1-0"]
[WhiteElo "2587"]
[BlackElo "2196"]
[PlyCount "99"]
[EventDate "2024.??.??"]
[WhiteTeam "Turkiye"]
[BlackTeam "Puerto Rico"]
[BlackTeamCountry "PUR"]
[WhiteClock "0:15:41"]
[BlackClock "0:17:34"]

1. d4 d5 2. c4 e6 3. Nf3 a6 4. cxd5 exd5 5. Nc3 c6 6. Qb3 Bd6 ({RR} 6... Nf6 7. Bg5 Be7 8. e3 O-O 9. Bd3 Nbd7 10. O-O Re8 11. Rae1 Nf8 12. Bxf6 Bxf6 13. e4 dxe4 14. Nxe4 Ne6 15. Nxf6+ Qxf6 16. Re5 Rf8 17. Rfe1 g6 18. Qb4 a5 19. Qa3 Bd7 20. Bc4 Kg7 21. h3 {Eljanov,P (2693)-Ponomariov,R (2726) Kharkov 2009 ½-½ (55)}) 7. Bg5 ({RR} 7. e4 dxe4 8. Ng5 Nh6 9. Bc4 O-O 10. a4 Nd7 11. Ncxe4 Nf6 12. Nxd6 Qxd6 13. O-O Nd5 14. Ne4 Qg6 15. Nc5 Nf5 16. Bxd5 cxd5 17. Qxd5 Qf6 18. Be3 Rd8 19. Qe4 Nd6 20. Qe5 Qxe5 21. dxe5 Nc4 {Erdos,V (2539)-Golubovic,B (2321) Ajka HUN 2024 ½-½ (32)}) 7... Nf6 $146 ({RR} 7... Ne7 8. e3 O-O 9. Bd3 Qc7 10. Qc2 h6 11. Bh4 Be6 12. O-O Nd7 13. Rad1 Rae8 14. Bg3 Bg4 15. Rde1 Qb8 16. a3 Bxg3 17. hxg3 Nc8 18. Nh2 Be6 19. f4 Nf6 20. Nf3 Nd6 21. Ne5 Re7 22. Qd1 {Basso,P (2516)-Gilevich,A (2423) Brixen Bressanone 2019 ½-½ (32)}) ({RR} 7... Ne7 8. e4 dxe4 9. Nxe4 O-O 10. Bc4 h6 11. Bd2 Bc7 12. O-O-O b5 13. Bd3 Be6 14. Qc2 a5 15. Nc5 Bd5 16. Rhe1 Na6 17. Nxa6 Rxa6 18. Kb1 Be6 19. Be4 Nd5 20. Bf5 Bxf5 21. Qxf5 a4 22. Ne5 {Gruenfeld,E-Rubinstein,A Marianske Lazne 1925 ½-½ (33)}) ({RR} 7... Ne7 8. e4 dxe4 9. Nxe4 O-O 10. Bd3 Qc7 11. Nxd6 Qxd6 12. O-O Nd5 13. Rfe1 Nd7 14. Rac1 N7f6 15. a3 h6 16. Bh4 g5 17. Bg3 Nf4 18. Bb1 N6d5 19. h4 Kg7 20. hxg5 hxg5 21. Re5 f6 22. Qc2 {Manolache,M (2517)-Ilonczai,L (2011) Satu Mare 2021 1-0 (56)}) 8. e3 O-O 9. Bd3 a5 10. O-O Na6 11. Rac1 Nc7 12. Bh4 Ne6 13. Na4 Be7 14. Nb6 Rb8 15. Ne5 Ne4 16. Bxe7 Qxe7 17. Bxe4 dxe4 18. Qa3 Qd8 19. Qxa5 Ng5 20. Nec4 f6 21. Nxc8 Qxc8 22. Qb4 Qg4 23. Qd6 Rbd8 24. Qg3 Qh5 25. Rc2 f5 26. Ne5 Rd6 27. h4 Ne6 28. Ng6 f4 29. Nxf4 Nxf4 30. exf4 Rg6 31. Qb3+ Kh8 32. Qh3 Rg4 33. Rc5 Rf5 34. g3 Rxc5 35. dxc5 Qf5 36. Re1 Qxf4 37. Re3 h5 38. b4 Qf6 39. a3 Qd4 40. Qf1 Kh7 41. Qb1 g5 42. hxg5 h4 43. Qb3 Rxg5 44. Qf7+ Qg7 45. Qxg7+ Rxg7 46. Rxe4 hxg3 47. f3 Rd7 48. Kg2 Rd3 49. Re7+ Kg6 50. a4 1-0

[Event "45th FIDE Chess Olympiad Open"]
[Site "Budapest, Hungary"]
[Date "2024.09.11"]
[Round "1.86"]
[White "Rodriguez Santiago, Jaime"]
[Black "Gurel, Ediz"]
[Result "0-1"]
[WhiteElo "2002"]
[BlackElo "2602"]
[PlyCount "72"]
[EventDate "2024.??.??"]
[WhiteTeam "Puerto Rico"]
[BlackTeam "Turkiye"]
[WhiteTeamCountry "PUR"]
[WhiteClock "0:05:45"]
[BlackClock "0:39:25"]

1. d4 Nf6 2. c4 e6 3. Nf3 d5 4. Nc3 c6 5. e3 Bd6 6. Qc2 Nbd7 7. Bd3 dxc4 8. Bxc4 e5 9. dxe5 Nxe5 10. Nxe5 Bxe5 11. h3 O-O 12. O-O Qe7 13. Bd2 Be6 14. Bxe6 $146 ({RR} 14. Qb3 Bxc4 15. Qxc4 Bc7 16. Rad1 Rad8 17. e4 Nh5 18. Be3 Rxd1 19. Nxd1 Re8 20. Nc3 Qd6 21. f4 b5 22. Qb3 Bb6 23. Bxb6 axb6 24. e5 Qd4+ 25. Kh2 g5 26. Ne2 Qc5 27. g3 gxf4 28. gxf4 Re6 {Crecente Penalba,J (2140)-Beltra Garcia,R (2026) Valencia 2009 0-1 (52)}) 14... Qxe6 15. a3 Rfe8 16. Rfe1 Rad8 17. Rad1 h6 18. Re2 Qc4 19. Be1 b5 20. Rxd8 Rxd8 21. Rd2 Rb8 22. Nd1 Qe6 23. b4 Rc8 24. Rd3 Ne4 25. f3 Nd6 26. Qc5 a6 27. Bc3 Bg3 28. Rd4 Nf5 29. Rd3 Qg6 30. e4 Nh4 31. Qd4 Bh2+ 32. Kf1 Qxg2+ 33. Ke1 f6 34. Qe3 Bg3+ 35. Nf2 Qg1+ 36. Ke2 Ng2 0-1

[Event "45th FIDE Chess Olympiad Open"]
[Site "Budapest, Hungary"]
[Date "2024.09.11"]
[Round "1.87"]
[White "Erdogmus, Yagiz Kaan"]
[Black "Zilleruelo Irizarry, Diego"]
[Result "1-0"]
[WhiteElo "2592"]
[BlackElo "2041"]
[PlyCount "81"]
[EventDate "2024.??.??"]
[WhiteTeam "Turkiye"]
[BlackTeam "Puerto Rico"]
[BlackTeamCountry "PUR"]
[WhiteClock "0:02:52"]
[BlackClock "0:00:44"]

1. e4 c6 2. d4 d5 3. e5 Bf5 4. Nd2 e6 5. Nb3 Nd7 6. Nf3 Ne7 7. Be2 Nc8 8. O-O Be7 9. a4 O-O 10. a5 a6 11. Be3 Na7 12. Nfd2 ({RR} 12. Ne1 c5 13. Nxc5 Nxc5 14. dxc5 Nc6 15. Nf3 Bg4 16. Nd4 Bxe2 17. Nxc6 Bxd1 18. Nxd8 Be2 19. Rfe1 Rfxd8 20. Rxe2 d4 21. Bd2 Bxc5 22. Kf1 Rac8 23. Re4 Ba7 24. c3 Rd5 25. Ra4 Rb5 26. Ra2 dxc3 {Galkin,A (2608)-Ivanchuk,V (2787) Khanty-Mansiysk 2007 ½-½ (43)}) ({RR} 12. Ne1 Nb5 13. g4 Bg6 14. f4 f5 15. g5 Rc8 16. Nd3 Qc7 17. c3 Rfd8 18. Bh5 Bxh5 19. Qxh5 Nf8 20. Rf3 Qd7 21. Nbc5 Bxc5 22. Nxc5 Qe7 23. Kf2 Rc7 24. Rg3 Qf7 25. Qf3 Qg6 26. Ke2 Nd7 {Loftgaard,M (2322)-Gkavardinas,A (2141) Krakow POL 2024 ½-½ (103)}) 12... f6 13. f4 $146 ({RR} 13. exf6 Bxf6 14. c4 Nc8 15. Bf4 Bg5 16. Bg3 Bh4 17. Bg4 Bxg3 18. hxg3 Nd6 19. Bxf5 Rxf5 20. Qe2 Qf6 21. f4 Re8 22. c5 Nb5 23. Nf3 Qh6 24. Ng5 Nf6 25. Rae1 Qg6 26. Qf3 {½-½ (26) Amonatov,F (2643)-Popov,V (2595) St Petersburg 2009}) ({RR} 13. exf6 Bxf6 14. c4 Nc8 15. Re1 Kh8 16. Qc1 Nd6 17. Bf4 Nf7 18. Nf1 Bg5 19. Ng3 Bxf4 20. Qxf4 Bc2 21. Qe3 Qf6 22. Nh5 Qh6 23. Nd2 Rae8 24. Rac1 Bg6 25. Qxh6 Nxh6 26. Ng3 Rf4 27. Nf3 Nf6 {Das,A (2461)-Barbosa,O (2538) Kuala Lumpur 2011 0-1 (72)}) 13... fxe5 14. dxe5 c5 15. g4 Bg6 16. Nf3 Nc6 17. c3 Kh8 18. Kg2 Qe8 19. h4 c4 20. Nbd4 Nxd4 21. cxd4 Be4 22. Kg3 h6 23. h5 Qd8 24. Bd2 b5 25. axb6 Qxb6 26. Bc3 Rfb8 27. Nh4 Nf8 28. Qd2 a5 29. Ra4 Bb4 30. f5 exf5 31. gxf5 Bxc3 32. bxc3 Qb2 33. Qxb2 Rxb2 34. Bf3 Bxf3 35. Rxf3 Nh7 36. Ng6+ Kg8 37. Ne7+ Kh8 38. Nxd5 Ng5 39. Re3 Rf8 40. e6 Re8 41. Rxa5 1-0

[Event "45th FIDE Chess Olympiad Open"]
[Site "Budapest, Hungary"]
[Date "2024.09.11"]
[Round "1.88"]
[White "Boggiano Pereira, Miguel A."]
[Black "Can, Emre"]
[Result "0-1"]
[WhiteElo "2015"]
[BlackElo "2547"]
[PlyCount "78"]
[EventDate "2024.??.??"]
[WhiteTeam "Puerto Rico"]
[BlackTeam "Turkiye"]
[WhiteTeamCountry "PUR"]
[WhiteClock "0:02:12"]
[BlackClock "0:06:50"]

1. d4 Nf6 2. c4 e6 3. Nf3 d5 4. Nc3 Bb4 5. cxd5 exd5 6. Bg5 Nbd7 7. Qc2 h6 8. Bh4 g5 9. Bg3 Ne4 10. Be5 $146 ({RR} 10. e3 Nb6 11. Bd3 Bf5 12. Nd2 Nxg3 13. hxg3 Be6 14. a3 Bf8 15. Bf5 Qd7 16. Bxe6 fxe6 17. a4 a5 18. Nf3 Bg7 19. g4 c6 20. Ne2 Nc4 21. b3 Nd6 22. Ng3 O-O-O 23. Nh5 Bf8 24. Ne5 Qc7 {Sanchez Jimenez,J-Campos Moreno,J (2480) Linares 1991 0-1 (35)}) ({RR} 10. Nd2 Nxg3 11. hxg3 c6 12. a3 Bxc3 13. bxc3 Qe7 14. e3 Nf6 15. c4 Be6 16. Bd3 h5 17. Nb3 Kf8 18. Nc5 Kg7 19. Nxe6+ Qxe6 20. Bf5 Qe7 21. cxd5 cxd5 22. Qb3 Qc7 23. Ke2 Rae8 24. Rac1 Qb8 {Bacrot,E (2720)-Grischuk,A (2792) Dubai 2014 0-1 (43)}) ({RR} 10. Nd2 Nxg3 11. hxg3 Nb6 12. e3 Be6 13. Bd3 c6 14. O-O-O Qe7 15. Kb1 O-O-O 16. Rc1 Kb8 17. a3 Bd6 18. Na4 Nxa4 19. Qxa4 h5 20. Nb3 h4 21. gxh4 gxh4 22. Na5 Rc8 23. Rc3 Rc7 24. Rhc1 Ka8 {Melkumyan,H (2640)-Hakobyan,A (2616) chess.com INT 2024 0-1 (58)}) ({RR} 10. Nd2 Nxg3 11. hxg3 c6 12. a3 Ba5 13. e4 dxe4 14. Ndxe4 Nf6 15. b4 Bb6 16. O-O-O Nxe4 17. Qxe4+ Qe7 18. Bc4 Bd7 19. Rhe1 Qxe4 20. Nxe4 Kf8 21. Nd6 a5 22. Nxf7 Rh7 23. Ne5 Be8 24. Kb2 axb4 {Ruck,R (2568)-Saric,I (2678) Bastia 2014 1-0 (47)}) ({RR} 10. Nd2 Nxg3 11. hxg3 Nb6 12. O-O-O Qf6 13. e4 Qxf2 14. Nxd5 Nxd5 15. exd5 Bxd2+ 16. Rxd2 Qe1+ 17. Rd1 Qe3+ 18. Kb1 Bd7 19. Qxc7 Rc8 20. Qe5+ Qxe5 21. dxe5 Kf8 22. Bd3 Rc5 23. Bc2 Kg7 24. Rhf1 Re8 {Ramesa,M (2191)-Pretterhofer,K (1980) Vienna 2014 1-0 (37)}) 10... Nxe5 11. Nxe5 Qe7 12. e3 Bf5 13. Qb3 O-O 14. a3 Bxc3+ 15. bxc3 c5 16. Be2 Rac8 17. Bf3 c4 18. Qb2 f6 19. Ng4 Kg7 20. h3 Rc6 21. O-O Rb6 22. Qc1 h5 23. Nh2 Rb3 24. Bxe4 Qxe4 25. Rd1 Qc2 26. Qxc2 Bxc2 27. Rdc1 Bd3 28. a4 Re8 29. Ra2 Re6 30. Nf3 Reb6 31. Nd2 Rb2 32. Rca1 a5 33. f3 Kf7 34. e4 Ke6 35. Kf2 dxe4 36. fxe4 Bxe4 37. Ke3 Bd3 38. Ne4 Bxe4 39. Kxe4 f5+ 0-1

[Event "45th FIDE Chess Olympiad Open"]
[Site "Budapest, Hungary"]
[Date "2024.09.11"]
[Round "1.89"]
[White "Oatlhotse, Providence"]
[Black "Theodorou, Nikolas"]
[Result "0-1"]
[WhiteElo "2239"]
[BlackElo "2619"]
[PlyCount "112"]
[EventDate "2024.??.??"]
[WhiteTeam "Botswana"]
[BlackTeam "Greece"]
[WhiteTeamCountry "BOT"]
[BlackTeamCountry "GRE"]
[WhiteClock "0:20:40"]
[BlackClock "0:33:38"]

1. d4 Nf6 2. c4 g6 3. Nc3 Bg7 4. e4 d6 5. h3 O-O 6. Be3 a5 ({RR} 6... a6 7. Nf3 Nbd7 8. g4 c5 9. Be2 b6 10. Qd2 Bb7 11. d5 b5 12. cxb5 axb5 13. Bxb5 Nb6 14. O-O e6 15. Bc6 Bxc6 16. dxc6 Nc4 17. Qe2 Nxe3 18. Qxe3 Qb6 19. e5 Nd5 20. Nxd5 exd5 21. exd6 {Riazantsev,A (2678)-Fedoseev,V (2677) Moscow 2014 ½-½ (84)}) 7. Qd2 ({RR} 7. g4 Na6 8. Nge2 e5 9. d5 Nd7 10. h4 f5 11. gxf5 gxf5 12. exf5 Ndc5 13. Ng3 Bxf5 14. Nxf5 Rxf5 15. Qg4 Qd7 16. Rg1 Kh8 17. O-O-O Raf8 18. Bh3 Nb4 19. Bxc5 dxc5 20. Qe4 Bh6+ 21. Kb1 a4 {Livaic,L (2557)-Espinoza Villanueva,R (1928) chess.com INT 2024 1-0}) 7... a4 8. Nf3 $146 ({RR} 8. Bd3 c6 9. Nf3 a3 10. b3 Na6 11. O-O Qa5 12. Nd5 Qd8 13. Nxf6+ exf6 14. Bh6 c5 15. Bxg7 Kxg7 16. Rad1 Nb4 17. Bb1 Qc7 18. Qf4 Ra6 19. h4 h6 20. h5 g5 21. Qg3 Qe7 22. Rfe1 Nc6 {Kavutskiy,K (2394)-Chigaev,M (2615) chess.com INT 2023 0-1 (40)}) 8... a3 9. b4 c5 10. bxc5 dxc5 11. Be2 Qa5 12. O-O cxd4 13. Nxd4 Rd8 14. Qc2 Na6 15. Rfd1 Bd7 16. Rab1 Bc6 17. Ndb5 Rxd1+ 18. Rxd1 e6 19. Bd2 Nc5 20. e5 Nfd7 21. f4 Qd8 22. Be3 Qh4 23. Bf1 g5 24. fxg5 Bxe5 25. Qf2 Bg3 26. Qe2 Bf4 27. Bxf4 Qxf4 28. Rd4 Qc1 29. Qd2 Qxd2 30. Rxd2 Kg7 31. Rd1 Ne5 32. Kf2 Kg6 33. h4 h6 34. gxh6 Ng4+ 35. Kg3 Nxh6 36. Kf4 Nf5 37. g3 e5+ 38. Kxe5 Re8+ 39. Kf4 Ne6+ 40. Kg4 Ne3+ 41. Kh3 Ng5+ 42. Kh2 Nf3+ 43. Kh3 Nxd1 44. Nxd1 Re1 45. Bd3+ f5 46. Nf2 Ne5 47. Bc2 Rf1 48. g4 Rxf2 49. Bxf5+ Kg7 50. Nd4 Rxa2 51. Ne6+ Kg8 52. h5 Ra1 53. Nd4 Rh1+ 54. Kg3 a2 55. Be6+ Kh8 56. Nc2 Rc1 0-1

[Event "45th FIDE Chess Olympiad Open"]
[Site "Budapest, Hungary"]
[Date "2024.09.11"]
[Round "1.90"]
[White "Kourkoulos-Arditis, Stamatis"]
[Black "Notha, Moakofi"]
[Result "1-0"]
[WhiteElo "2570"]
[BlackElo "1996"]
[PlyCount "69"]
[EventDate "2024.??.??"]
[WhiteTeam "Greece"]
[BlackTeam "Botswana"]
[WhiteTeamCountry "GRE"]
[BlackTeamCountry "BOT"]
[WhiteClock "0:21:58"]
[BlackClock "0:01:30"]

1. e4 e5 2. Nf3 Nc6 3. Bc4 Bc5 4. d3 d6 5. c3 Nf6 6. O-O a6 7. Bb3 Ba7 8. Nbd2 O-O 9. h3 Ne7 10. Re1 Ng6 11. Nf1 h6 12. Ng3 Be6 13. Bc2 ({RR} 13. d4 Qc8 14. Be3 Rd8 15. Qc2 c5 16. Bxe6 Qxe6 17. d5 Qd7 18. c4 b5 19. b3 Rdb8 20. Nf5 Kf8 21. Nh2 Bb6 22. Bd2 Bd8 23. Ng4 bxc4 24. bxc4 Ne8 25. Rab1 h5 26. Nh2 Nf4 27. Ng3 Nf6 {Leko,P (2713)-Piket,J (2659) Monte Carlo 2002 1-0 (54)}) 13... Qc8 ({RR} 13... Re8 14. d4 c6 15. Be3 Qc7 16. Qd2 Kh7 17. Nf5 Ng8 18. h4 Rad8 19. h5 Nf8 20. g4 f6 21. N3h4 Bf7 22. f4 Ne6 23. g5 fxg5 24. fxg5 Bxh5 25. g6+ Kh8 26. Ng3 Bg4 27. Nhf5 d5 28. exd5 {Domingo Nunez,A (2318)-Suleymanli,A (2620) Ubeda ESP 2024 0-1 (32)}) 14. d4 c5 $146 ({RR} 14... Re8 15. Be3 c5 16. Qd2 Qc7 17. d5 Bc8 18. Nf5 Bxf5 19. exf5 e4 20. Nh2 Nf8 21. Ng4 Qd8 22. Nxf6+ Qxf6 23. Bf4 Qxf5 24. Bxd6 c4 25. Qf4 Qxd5 26. Rad1 Qb5 27. Bxe4 Rad8 28. Ba3 Ne6 29. Qf5 {Sutovsky,E (2530)-Goldin,A (2580) Rishon Le Ziyyon 1995 ½-½ (77)}) ({RR} 14... b5 15. Be3 Re8 16. Qd2 Kh7 17. a4 c6 18. Rad1 Qb7 19. Nf5 Bxf5 20. exf5 Nf8 21. dxe5 dxe5 22. Bxa7 Qxa7 23. Nxe5 Qc7 24. Ng4 N8d7 25. Re3 Nxg4 26. hxg4 Nf6 27. g5 Rad8 28. g6+ fxg6 29. fxg6+ {Gracia Alvarez,G (2292)-Jia,H (2331) Chess.com INT 2021 0-1 (70)}) ({RR} 14... Rd8 15. Be3 c5 16. d5 Bd7 17. Qd2 Kh7 18. c4 b5 19. b3 Rb8 20. Bd3 Qc7 21. Qc2 Re8 22. Nf5 bxc4 23. Bxc4 Bxf5 24. exf5 Ne7 25. Rad1 Qb7 26. Nh2 Nexd5 27. Ng4 Nb4 28. Nxf6+ gxf6 29. Qd2 {Rainfray,A (2374)-Sebag,M (2344) Hengelo 2002 ½-½ (78)}) 15. Be3 b5 16. a4 Rd8 17. d5 Bd7 18. axb5 axb5 19. Qd2 Qb7 20. Bxh6 gxh6 21. Qxh6 Bc8 22. Nf5 Ne8 23. Ng5 Nf8 24. Re3 Bxf5 25. exf5 f6 26. Ne6 Nh7 27. Rg3+ Kh8 28. Nf8 c4 29. Ng6+ Kg8 30. Ne7+ Kf7 31. Qxh7+ Ng7 32. Rxg7+ Ke8 33. Qg8+ Kd7 34. Nc6+ Kc8 35. Qxd8# 1-0

[Event "45th FIDE Chess Olympiad Open"]
[Site "Budapest, Hungary"]
[Date "2024.09.11"]
[Round "1.91"]
[White "Monnaatsheko, Keletshabile"]
[Black "Papaioannou, Ioannis"]
[Result "0-1"]
[WhiteElo "2064"]
[BlackElo "2615"]
[PlyCount "62"]
[EventDate "2024.??.??"]
[WhiteTeam "Botswana"]
[BlackTeam "Greece"]
[WhiteTeamCountry "BOT"]
[BlackTeamCountry "GRE"]
[WhiteClock "0:00:38"]
[BlackClock "0:41:22"]

1. Nf3 Nf6 2. b3 d5 3. Bb2 Bf5 $146 4. Nh4 Bc8 5. Nf3 Bg4 6. h3 ({RR} 6. d3 Bxf3 7. exf3 e6 8. f4 Be7 9. g3 O-O 10. Bg2 Nfd7 11. O-O Bf6 12. Nc3 c6 13. Qd2 a5 14. Rfe1 Na6 15. Rad1 b5 16. d4 b4 17. Na4 Nb6 18. Nxb6 Qxb6 19. a4 Qa7 20. g4 g6 {Taimanov,M-Savon,V Kishinev 1975 0-1 (56)}) ({RR} 6. d3 Nbd7 7. Nbd2 e6 8. h3 Bh5 9. e4 c6 10. Be2 a5 11. e5 Ng8 12. a4 Ne7 13. O-O c5 14. c4 d4 15. Nxd4 cxd4 16. Bxh5 Nc6 17. f4 g6 18. Bf3 Nb4 19. Ne4 Nc5 20. Nf6+ Ke7 {Blanco Diez,D (2308)-Lehtosaari,M (2142) chess.com INT 2024 1-0 (34)}) ({RR} 6. d3 Bxf3 7. exf3 e6 8. g3 Be7 9. Bg2 O-O 10. O-O Nfd7 11. c4 Bf6 12. Bxf6 Qxf6 13. Na3 c6 14. Qe2 a5 15. Nc2 Rd8 16. f4 Na6 17. d4 Nf8 18. c5 Ng6 19. Qd2 Nc7 20. Rfb1 Qe7 {Franzen,J (2345)-Nun,J (2365) Trnava 1983 1-0 (71)}) 6... Bxf3 ({RR} 6... Bh5 7. g4 Bg6 8. d3 Nbd7 9. Bg2 e6 10. Nh4 Bd6 11. Nd2 c6 12. e3 a5 13. a3 e5 14. O-O O-O 15. f4 exf4 16. exf4 h6 17. Qf3 Qc7 18. Rae1 Rae8 19. Rxe8 Rxe8 20. Nxg6 fxg6 21. g5 {So,W (2780)-Caruana,F (2822) Saint Louis 2018 0-1 (31)}) 7. exf3 e6 8. f4 ({RR} 8. g3 Nbd7 9. f4 Bd6 10. Bg2 O-O 11. O-O a5 12. a4 c6 13. d3 b5 14. Nd2 Qe7 15. Nf3 bxa4 16. bxa4 Rab8 17. Be5 Rb7 18. Qe2 Rfb8 19. Rfe1 Ne8 20. Bd4 g6 21. h4 Ng7 22. Bh3 Bc5 {Sahl,B-Bjork,C Muerren 1979 1-0 (49)}) 8... Bd6 9. Qf3 O-O 10. Nc3 Nc6 11. O-O-O Nd4 12. Qd3 c5 13. g3 a6 14. Bg2 b5 15. Rde1 Rc8 16. Kb1 b4 17. Nd1 Nb5 18. Ne3 Nd7 19. Qe2 c4 20. bxc4 Na3+ 21. Ka1 Nxc4 22. Nxc4 dxc4 23. Rb1 Qa5 24. Qe3 c3 25. dxc3 bxc3 26. Bc1 Rb8 27. Rb3 Nc5 28. Be4 Be7 29. Bd3 Bf6 30. Kb1 Rfd8 31. Rd1 Nxb3 0-1

[Event "45th FIDE Chess Olympiad Open"]
[Site "Budapest, Hungary"]
[Date "2024.09.11"]
[Round "1.92"]
[White "Kelires, Andreas"]
[Black "Oratile, Kgotlane"]
[Result "1-0"]
[WhiteElo "2536"]
[BlackElo "1975"]
[PlyCount "91"]
[EventDate "2024.??.??"]
[WhiteTeam "Greece"]
[BlackTeam "Botswana"]
[WhiteTeamCountry "GRE"]
[BlackTeamCountry "BOT"]
[WhiteClock "0:23:09"]
[BlackClock "0:08:56"]

1. Nf3 Nf6 2. d4 g6 3. Nbd2 Bg7 4. e4 d6 5. Bb5+ c6 6. Bd3 O-O 7. O-O c5 8. c3 Nc6 9. d5 Nb8 10. Nc4 ({RR} 10. Re1 e5 11. a4 Ne8 12. Nc4 h6 13. Nfd2 f5 14. exf5 gxf5 15. f4 Nd7 16. Nf1 e4 17. Be2 Ndf6 18. Ng3 Nh7 19. Ne3 Nc7 20. Rf1 Bd7 21. Qe1 Kh8 22. Kh1 Qe7 23. Bh5 Rf6 24. b4 b6 {Zubov,A (2601)-Mamedov,R (2659) Moscow 2019 1-0 (44)}) 10... b5 11. Ne3 Bb7 $146 ({RR} 11... a6 12. a4 Bb7 13. axb5 axb5 14. Rxa8 Bxa8 15. Bxb5 Nbd7 16. Bd3 Qc7 17. Nc4 Bb7 18. Bf4 Ra8 19. Re1 Qd8 20. h3 Ra7 21. Qd2 Qa8 22. g4 h5 23. g5 Ne8 24. Qc2 Kh7 25. Nfd2 Nc7 26. Bg3 {Frometa Castillo,Z (2149)-Yuan,Y (2119) San Salvador 2008 1-0 (44)}) ({RR} 11... c4 12. Bc2 Bb7 13. a4 a6 14. Nd4 Qb6 15. f4 Nbd7 16. Qf3 Rae8 17. Qh3 Nc5 18. e5 dxe5 19. fxe5 Nxd5 20. Nef5 Bc8 21. a5 Qc7 22. Bh6 Bxe5 23. Rae1 f6 24. Rf3 Rf7 25. Qh4 e6 26. Ng3 {Ladan,N (2211)-Jing,A (2056) Norfolk, VA USA 2024 0-1 (57)}) 12. Re1 Qb6 13. c4 bxc4 14. Nxc4 Qc7 15. Bd2 Nbd7 16. h3 Nb6 17. Rc1 Nxc4 18. Bxc4 a5 19. Qe2 Qb6 20. Bc3 Rfb8 21. Rcd1 Ba6 22. e5 Ne8 23. Bxa6 Qxa6 24. Qe4 dxe5 25. Nxe5 Nf6 26. Qf3 Re8 27. Nc6 Qb7 28. Nxa5 Qd7 29. a3 Nh5 30. Nc6 Bxc3 31. Qxc3 Qd6 32. Ne5 Rad8 33. g3 f5 34. Nc4 Qa6 35. d6 Nf6 36. dxe7 Rxd1 37. Rxd1 Ne4 38. Qd3 Rxe7 39. Qd8+ Kf7 40. b3 Qe6 41. Qh8 h5 42. f4 Qa6 43. Rd8 Qb7 44. Ne5+ Ke6 45. Qg8+ Rf7 46. Re8+ 1-0